[Event "Hyderabad WIPRO"]
[Site "Hyderabad"]
[Date "2000.07.18"]
[Round "3"]
[White "Vijayalakshmi, Subbaraman"]
[Black "Fominyh, Alexander"]
[Result "0-1"]
[WhiteElo "2378"]
[BlackElo "2594"]
[PlyCount "193"]
[EventDate "2000.07.16"]
[Source "ChessBase"]
[SourceDate "2000.11.21"]

1. Nf3 Nf6 2. g3 b5 3. Na3 Ba6 4. Bg2 e6 5. Ne5 c6 6. c3 Qc7 7. d4 d6 8. Nd3 Be7 9. O-O O-O 10. f4 Nbd7 11. h3 Rab8 12. e4 d5 13. exd5 cxd5 14. Nc2 Ne4 15. Rf3 Bb7 16. Bd2 Rbc8 17. Be1 a5 18. Ne3 Bd6 19. Ng4 Nb6 20. Ne3 Bc6 21. f5 Nc4 22. g4 Ng5 23. f6 Nxf3+ 24. Qxf3 Rfe8 25. fxg7 Qe7 26. Bg3 Qg5 27. Bxd6 Qxe3+ 28. Qxe3 Nxe3 29. Bf8 f6 30. Nf4 Kf7 31. Nh5 Rxf8 32. gxf8=Q+ Rxf8 33. Re1 Nxg2 34. Kxg2 Bd7 35. Nf4 Re8 36. Nd3 Ke7 37. Kf3 Kd6 38. Kf4 Rg8 39. Kg3 h5 40. Rf1 Ke7 41. Re1 hxg4 42. hxg4 Kd6 43. Rf1 Rg6 44. Re1 Rg5 45. Rf1 Ke7 46. Re1 Be8 47. Nf4 Bf7 48. Nh3 Rg8 49. g5 Bh5 50. Kh4 Bg6 51. Rg1 Rh8+ 52. Kg3 Bf5 53. gxf6+ Kxf6 54. Nf4 b4 55. cxb4 axb4 56. Rc1 Rg8+ 57. Kf3 Be4+ 58. Ke3 Rg3+ 59. Kd2 Rf3 60. Ne2 Rd3+ 61. Ke1 Bf3 62. Ng3 Bg4 63. Kf2 Rxd4 64. Ke3 Ke5 65. Re1 Rc4 66. Kd3+ Kd6 67. Rf1 Bh3 68. Rf8 Ke5 69. Rf2 Rc7 70. Re2+ Kd6 71. Rf2 Rg7 72. Ne2 Bf5+ 73. Ke3 Be4 74. Rf8 Ke5 75. Rb8 Bb1 76. Rxb4 Bxa2 77. Nd4 Bb1 78. Nf3+ Kf6 79. Rb8 Be4 80. Nd4 Rg3+ 81. Ke2 e5 82. Rb6+ Kg5 83. Nc6 Kf4 84. Rb8 Rg2+ 85. Kf1 Rg5 86. Rh8 d4 87. Nb4 Ke3 88. Rh3+ Bf3 89. Nc2+ Kf4 90. Ne1 Bg4 91. Nd3+ Ke4 92. Nf2+ Kd5 93. Ra3 Bd7 94. Ra5+ Ke6 95. Ne4 Rf5+ 96. Ke2 Bc6 97. Nc5+ 0-1

[Event "8th WUCC"]
[Site "Instanbul"]
[Date "2004.09.10"]
[Round "7"]
[White "Bitansky, Igor"]
[Black "Kulaots, Kaido"]
[Result "1-0"]
[WhiteElo "2377"]
[BlackElo "2593"]
[PlyCount "79"]
[EventDate "2004.09.05"]
[Source "Roberto Alvarez"]
[SourceDate "2004.09.21"]

1. Nf3 Nf6 2. g3 b5 3. Bg2 Bb7 4. O-O e6 5. d3 c5 6. e4 d6 7. Ng5 h6 8. Nh3 Be7 9. f4 Nc6 10. a4 a6 11. Kh1 O-O 12. g4 Nh7 13. axb5 axb5 14. Rxa8 Bxa8 15. Nc3 Nd4 16. Ne2 Nxe2 17. Qxe2 Bf6 18. Qd2 b4 19. g5 hxg5 20. fxg5 Be7 21. Qf4 Bc6 22. Qg4 g6 23. Qg3 e5 24. Bf3 Kg7 25. Rg1 Rh8 26. Nf2 Nf8 27. h4 Ne6 28. Kg2 Qf8 29. Ng4 c4 30. Nxe5 dxe5 31. Qxe5+ Kg8 32. d4 Qd8 33. d5 Bd6 34. Qf6 Rxh4 35. dxe6 Rh2+ 36. Kf1 Qxf6 37. gxf6 Bc5 38. Rg5 Rf2+ 39. Ke1 Bb6 40. Rxg6+ 1-0

[Event "Yerevan"]
[Site "Yerevan"]
[Date "1980.??.??"]
[Round "1"]
[White "Romanishin, Oleg M"]
[Black "Dobosz, Henryk"]
[Result "1-0"]
[WhiteElo "2580"]
[BlackElo "2385"]
[PlyCount "47"]
[EventDate "1980.06.??"]
[Source "ChessBase"]

1. Nf3 Nf6 2. g3 b5 3. Bg2 Bb7 4. O-O e6 5. d3 d5 6. c4 c6 7. Nc3 bxc4 8. dxc4 Nbd7 9. Bf4 Be7 10. cxd5 cxd5 11. Nb5 O-O 12. Bc7 Qc8 13. Rc1 Nc5 14. Bd6 Bxd6 15. Nxd6 Qd8 16. Nxf7 Rxf7 17. Rxc5 Qd6 18. Qd4 Nd7 19. Ra5 e5 20. Qa4 Nb6 21. Qa3 Qf6 22. Rxa7 Raf8 23. Qb3 e4 24. Ng5 1-0

[Event "Yerevan"]
[Site "Erevan ARM"]
[Date "1982.??.??"]
[Round "12"]
[White "Espig, Lutz"]
[Black "Vladimirov, Evgeny Y"]
[Result "1/2-1/2"]
[WhiteElo "2470"]
[BlackElo "2495"]
[PlyCount "29"]
[EventDate "1982.??.??"]
[Source "www.chesslib.no"]
[SourceDate "2004.05.04"]

1. Nf3 Nf6 2. g3 b5 3. Bg2 Bb7 4. O-O e6 5. d3 d5 6. e4 dxe4 7. Ng5 Nbd7 8. Nc3 a6 9. Ngxe4 Qc8 10. Qe2 Be7 11. Nxf6+ Nxf6 12. Ne4 O-O 13. Bg5 Nxe4 14. Bxe7 Re8 15. dxe4 1/2-1/2

[Event "Guben (Germany)"]
[Site "?"]
[Date "2002.??.??"]
[Round "5"]
[White "Kengis Edvins"]
[Black "Schurade Matthias"]
[Result "1/2-1/2"]
[WhiteElo "2577"]
[BlackElo "2384"]
[PlyCount "83"]
[EventDate "2002.??.??"]
[Source "www.chesslib.no"]
[SourceDate "2004.05.04"]

1. Nf3 Nf6 2. g3 b5 3. Bg2 Bb7 4. Na3 b4 5. Nc4 c5 6. d3 e6 7. e4 d5 8. exd5 exd5 9. Nce5 Be7 10. d4 O-O 11. dxc5 Bxc5 12. O-O Ne4 13. Nd3 Be7 14. Be3 Nd7 15. Nd4 a5 16. Nf5 Bf6 17. a3 bxa3 18. Rxa3 Ne5 19. Nxe5 Bxe5 20. Bd4 Qf6 21. Bxe5 Qxe5 22. Nd4 Rfe8 23. Re3 Qf6 24. Rf3 Qg6 25. Re1 Ng5 26. Rfe3 Rxe3 27. Rxe3 Ne4 28. Nf3 a4 29. Qd4 Qc6 30. Qb4 h6 31. Nd4 Qd7 32. Bf1 Nd6 33. Bd3 Ba6 34. Bxa6 Rxa6 35. Re5 Nc4 36. Re7 Qg4 37. Ne2 Re6 38. Rxe6 fxe6 39. Nf4 Qd1+ 40. Kg2 Qxc2 41. Qc5 Qe4+ 42. Kh3 1/2-1/2